[Event "VCN SchaakFestival"]
[Site "Soest"]
[Date "1999.05.14"]
[Round "2"]
[White "L'Ami, Erwin"]
[Black "Van Wessel, Rudy"]
[Result "0-1"]
[WhiteElo "2035"]
[BlackElo "2325"]

1.e4 c5 2.Nf3 d6 3.Bb5+ Bd7 4.Bxd7+ Qxd7 5.O-O Nc6 6.c4 e5 7.Nc3 g6 8.d3 Bg7
9.Ne1 Nge7 10.Nc2 O-O 11.Ne3 f5 12.Ned5 f4 13.f3 g5 14.Rb1 Ng6 15.Bd2 h5
16.b4 g4 17.Be1 Rf7 18.Bf2 Nd4 19.bxc5 dxc5 20.Nb5 Kh8 21.Rb2 b6 22.a4 Rg8
23.Nxd4 exd4 24.Be1 Be5 25.Kh1 g3 26.h3 Nf8 27.a5 bxa5 28.Bxa5 Ne6 29.Kg1 Ng5
30.Qe2 h4 31.Rfb1 Nxh3+ 32.gxh3 g2 33.Kh2 Rfg7 34.Rg1 Rg3  0-1

[Event "Zalakaros Kupa 18th"]
[Site "Zalakaros"]
[Date "1999.05.14"]
[Round "3"]
[White "Sziebert, Adam"]
[Black "Vaulin, Alexander"]
[Result "0-1"]
[WhiteElo "2302"]
[BlackElo "2547"]

1.e4 c5 2.Nf3 d6 3.Bb5+ Nd7 4.O-O Nf6 5.Re1 a6 6.Bf1 b6 7.d4 cxd4 8.Nxd4 Bb7
9.Nc3 e6 10.b3 Be7 11.Bb2 b5 12.a3 O-O 13.g3 Rc8 14.Bg2 Qc7 15.Qe2 Rfe8 16.Kh1 Bf8
17.Rad1 g6 18.Qd2 e5 19.Nf3 a5 20.Re2 Ba6 21.Ree1 Qc5 22.Bh3 Bb7 23.Re2 Rc7
24.Qd3 b4 25.axb4 axb4 26.Nb1 Nxe4 27.Rxe4 Qxc2 28.Rc4 Rxc4 29.bxc4 Qxd3
30.Rxd3 Nc5 31.Re3 Bh6 32.Nd2 Bxe3 33.fxe3 Nd3  0-1

[Event "VCN SchaakFestival"]
[Site "Soest"]
[Date "1999.05.15"]
[Round "4"]
[White "Van Rooijen, Rene"]
[Black "Van den Nieuwendijk, Marco"]
[Result "0-1"]
[WhiteElo "1763"]
[BlackElo "1988"]

1.e4 c5 2.Nf3 d6 3.Bb5+ Nd7 4.c3 Nf6 5.e5 dxe5 6.Nxe5 a6 7.Bxd7+ Bxd7 8.d4 e6
9.Bg5 cxd4 10.Qxd4 Be7 11.O-O Bb5 12.Rd1 Qxd4 13.cxd4 Nd5 14.Bxe7 Kxe7 15.Nc3 Nxc3
16.bxc3 Rac8 17.Rac1 f6 18.Nd3 Bc4 19.Rd2 Rhd8 20.Nc5 b6 21.Nb3 Rc6 22.Rb2 Bxb3
23.Rxb3 Rxd4 24.Rxb6 Rd1+ 25.Rxd1 Rxb6 26.g3 Rb2 27.c4 Rxa2 28.c5 Ra5 29.c6 Rd5
30.Rc1 Kd8 31.c7+ Kc8 32.Rc6 a5 33.Rxe6 Kxc7 34.Kf1 Re5 35.Ra6 Kb7 36.Rd6 Re7
37.f4 Kb8 38.Rd8+ Kc7 39.Ra8 Kb6 40.h4 Kb5 41.Rb8+ Kc4 42.Rc8+ Kb3 43.Rb8+ Ka3
44.h5 a4 45.Kf2 Ka2 46.g4 a3 47.Rb6 h6 48.Kf3 Ka1 49.g5 fxg5 50.fxg5 hxg5
51.Kg4 Rc7 52.Kxg5 Rc1 53.Kg6 Rg1+ 54.Kh7 Rg5 55.Re6 Rxh5+ 56.Kxg7 Rf5 57.Rg6 Rf2
58.Ra6 Rf3 59.Kg6 Kb2 60.Kg5 Rc3 61.Rb6+ Rb3 62.Rf6 a2 63.Rf2+ Ka3 64.Rf1 Rb1  0-1

[Event "VCN SchaakFestival"]
[Site "Soest"]
[Date "1999.05.16"]
[Round "6"]
[White "Jansen, Bob"]
[Black "Vegter, Koen"]
[Result "0-1"]
[WhiteElo "1583"]
[BlackElo "1820"]

1.e4 c5 2.Nf3 d6 3.Bb5+ Bd7 4.Bxd7+ Qxd7 5.O-O Nf6 6.Re1 Nc6 7.c3 g6 8.d4 cxd4
9.Nxd4 Bg7 10.Nd2 O-O 11.N2f3 Rfd8 12.Qb3 Na5 13.Qc2 e5 14.Ne2 Nc4 15.Bg5 Qc7
16.Rad1 Rac8 17.Ng3 h6 18.Bxf6 Bxf6 19.Nf1 b5 20.N3d2 Nb6 21.Qb3 Qc6 22.Nf3 a5
23.a3 Nc4 24.Rd5 Rb8 25.Ne3 Be7 26.Rdd1 f6 27.Nd5 Qd7 28.Rd3 Kg7 29.Re2 Bf8
30.Nd2 Nb6 31.Ree3 Nxd5 32.Rxd5 Rdc8 33.Rg3 Rc5 34.h4 a4 35.Qa2 Qf7 36.Nf1 Rxd5
37.exd5 f5 38.Rd3 Be7 39.g3 f4 40.c4 fxg3 41.fxg3 Rf8 42.Qb1 Qf2+ 43.Kh1 Qxf1+  0-1

[Event "Capablanca mem Elite"]
[Site "Havana"]
[Date "1999.05.17"]
[Round "9"]
[White "Godena, Michele"]
[Black "Arencibia, Walter"]
[Result "1/2-1/2"]
[WhiteElo "2552"]
[BlackElo "2520"]

1.e4 c5 2.Nf3 d6 3.Bb5+ Nd7 4.d4 Nf6 5.Nc3 cxd4 6.Qxd4 e5 7.Qd3 h6 8.Nd2 a6
9.Bxd7+ Bxd7 10.Nc4 Be6 11.Ne3 Rc8 12.Bd2 Qb6 13.O-O-O Qc6 14.Kb1 Be7 15.Rhe1 Bc4
16.Nxc4 Qxc4 17.Qxc4 Rxc4 18.b3  1/2-1/2

[Event "Capablanca mem Premier I"]
[Site "Havana"]
[Date "1999.05.20"]
[Round "12"]
[White "Rivera, Alberto"]
[Black "Herrera, Irisberto"]
[Result "0-1"]
[WhiteElo "2392"]
[BlackElo "2450"]

1.e4 c5 2.Nf3 d6 3.Bb5+ Nd7 4.O-O Nf6 5.Re1 a6 6.Bf1 g6 7.c3 Bg7 8.d4 Qc7
9.h3 e5 10.a4 O-O 11.dxe5 dxe5 12.Na3 Rd8 13.Qc2 b6 14.Nc4 Bb7 15.Bg5 b5
16.Na3 bxa4 17.Qxa4 h6 18.Bxf6 Nxf6 19.Qc2 Ne8 20.Nc4 a5 21.h4 Bc6 22.h5 g5
23.Nfd2 a4 24.Be2 Rab8 25.Nf1 Nf6 26.Ng3 Bf8 27.Bf1 Rb7 28.Qe2 Bb5 29.Qf3 Ne8
30.Nf5 Bxc4 31.Bxc4 Rxb2 32.Rxa4 Rdd2 33.Rf1 Nd6 34.Bd5 Nxf5 35.Qxf5 Rb6
36.Ra8 Kg7 37.Rc8 Qe7 38.g3 Rf6 39.Qg4 c4 40.Rxc4 Qa7 41.Kh1 Rfxf2 42.Qh3 Qe3  0-1

[Event "Guillermo Garcia mem-A"]
[Site "Santa Clara"]
[Date "1999.05.24"]
[Round "1"]
[White "Sadvakasov, Darmen"]
[Black "Paramos Dominguez, Roberto"]
[Result "0-1"]
[WhiteElo "2487"]
[BlackElo "2445"]

1.e4 c5 2.Nf3 d6 3.Bb5+ Bd7 4.Bxd7+ Qxd7 5.c4 Nc6 6.Nc3 g6 7.d4 cxd4 8.Nxd4 Bg7
9.Nde2 Nf6 10.O-O O-O 11.f3 Qd8 12.Be3 Qa5 13.Qd2 Nd7 14.Rab1 Qb4 15.Nd5 Qxd2
16.Bxd2 Nde5 17.b3 e6 18.Ndc3 a6 19.Rfd1 Rfd8 20.Bg5 f6 21.Be3 b5 22.cxb5 axb5
23.Nxb5 Rxa2 24.Ned4 Nxd4 25.Bxd4 f5 26.exf5 gxf5 27.Nc7 Rc8 28.Rbc1 Bh6
29.f4 Bxf4 30.Rc3 Kf7 31.Nb5 Rxc3 32.Nxc3 Rc2 33.Nb5 Ng4 34.h3 Be3+ 35.Bxe3 Rxg2+
36.Kh1 Nxe3 37.Re1 Rg3 38.Nxd6+ Ke7 39.Kh2 Rg2+ 40.Kh1 Rg3 41.Nc8+ Kf6 42.Kh2 f4
43.Rg1 Rf3 44.Rb1 Rf2+ 45.Kh1 Nf5 46.b4 Rc2  0-1

[Event "CRO-Cup"]
[Site "Pula"]
[Date "1999.05.25"]
[Round "2"]
[White "Brnas, Augustin"]
[Black "Franic, Milan"]
[Result "0-1"]
[WhiteElo "2301"]
[BlackElo "2435"]

1.e4 c5 2.Nf3 d6 3.Bb5+ Bd7 4.Bxd7+ Qxd7 5.O-O Nc6 6.c3 Nf6 7.Re1 e6 8.d4 cxd4
9.cxd4 d5 10.e5 Ne4 11.Nbd2 Nxd2 12.Bxd2 Be7 13.a3 O-O 14.Qe2 Rfc8 15.Rad1 Rc7
16.Qd3 Rac8 17.Rf1 a6 18.h3 Na7 19.Ba5 Rc4 20.Nd2 R4c6 21.Nb3 b6 22.Bd2 Rc4
23.Be3 Qb5 24.Rb1 a5 25.Rfd1 h6 26.Kf1 f6 27.exf6 Bxf6 28.Nc1 Rc2 29.Ne2 Qxd3
30.Rxd3 b5 31.Nf4 Kf7 32.Nh5 Bd8 33.Bd2 g5 34.g4 Nc6 35.f4 Kg6 36.Re1 Kf7
37.f5 exf5 38.gxf5 Ne7 39.Re5 Rxb2 40.f6 Ng8 41.Rxd5 Nxf6 42.Nxf6 Bxf6 43.Bxa5 Rc1+
44.Be1 Rh2 45.Re3 Rcc2 46.Kg1 Rcg2+ 47.Kf1 Rb2 48.Kg1 h5 49.Rd7+ Kg6 50.Rd6 Rhe2
51.Rxe2 Rxe2 52.Bf2 Ra2 53.d5 Kf5 54.Bc5 Rc2 55.Bb4 Bd4+ 56.Kf1 g4 57.hxg4+ hxg4
58.Rd8 Rf2+ 59.Ke1 g3 60.Rf8+ Ke4 61.Rg8 g2 62.Re8+ Kd3  0-1

[Event "Ostrava zt (Women)"]
[Site "Ostrava"]
[Date "1999.05.27"]
[Round "7"]
[White "Peptan, Corina"]
[Black "Krupkova, Petra"]
[Result "1/2-1/2"]
[WhiteElo "2427"]
[BlackElo "2349"]

1.e4 c5 2.Nf3 d6 3.Bb5+ Bd7 4.Bxd7+ Qxd7 5.O-O Nf6 6.Qe2 Nc6 7.c3 e6 8.d3 Be7
9.Nbd2 O-O 10.Ng5 h6 11.Nh3 Nh7 12.Nf4 b5 13.Nf3 Ng5 14.Rd1 d5 15.Nxg5 Bxg5
16.Nh5 Bxc1 17.Raxc1 f5 18.exd5 exd5 19.Nf4 Rfe8 20.Qf3 Rad8 21.Re1 Ne5 22.Qg3 Ng4
23.h3 Nf6 24.Ng6 Rxe1+ 25.Rxe1 Re8 26.Re5 Rxe5 27.Qxe5 Kf7 28.Nh8+ Kg8 29.Ng6 Kf7
30.Qg3 Qe6 31.Ne5+ Kf8 32.Ng6+ Kf7 33.Ne5+ Kf8 34.Nf3 Nd7 35.d4 c4 36.Qc7 a6
37.Qc8+ Ke7 38.Qc7 Qb6 39.Qg3 Qf6 40.Qc7 Qb6 41.Qf4 Qe6 42.Qg3 Qf6 43.Qc7  1/2-1/2

[Event "Pula op 13th"]
[Site "Pula"]
[Date "1999.05.29"]
[Round "1"]
[White "Pavasovic, Dusko"]
[Black "Zufic, Miroslav"]
[Result "1-0"]
[WhiteElo "2502"]
[BlackElo "2136"]

1.e4 c5 2.Nf3 d6 3.Bb5+ Nd7 4.d4 Nf6 5.Nc3 cxd4 6.Qxd4 e5 7.Qd3 Be7 8.Bg5 O-O
9.Bxd7 Qxd7 10.Bxf6 Bxf6 11.O-O-O Rd8 12.Nd5 Qa4 13.Kb1 Be6 14.b3 Qa3 15.Nd2 Bg5
16.Nc4 Qc5 17.h4 Bh6 18.Nce3 Bxe3 19.b4 Qd4 20.Qe2 Qxe4 21.f3 Qxd5 22.Rxd5 Bxd5
23.Qxe3 Be6 24.h5 h6 25.Rd1 Rac8 26.Qxa7 Ra8 27.Qb6 Rdc8 28.Rxd6 Bf5 29.Rd2 Kh7
30.Kb2 Ra4 31.Qxb7 Be6 32.a3  1-0

[Event "Pula op 13th"]
[Site "Pula"]
[Date "1999.05.31"]
[Round "3"]
[White "Saric, Ibro"]
[Black "Cebalo, Miso"]
[Result "0-1"]
[WhiteElo "2222"]
[BlackElo "2511"]

1.e4 c5 2.Nf3 d6 3.Bb5+ Nd7 4.O-O a6 5.Bxd7+ Bxd7 6.d4 cxd4 7.Qxd4 e5 8.Qd3 h6
9.Nc3 Nf6 10.a4 Rc8 11.Re1 Be7 12.Nh4 g6 13.h3 Kf8 14.Nf3 Kg7 15.Be3 Be6
16.Rad1 Qc7 17.Qd2 Qc4 18.a5 Qb4 19.Nd5 Qxd2 20.Rxd2 Nxe4 21.Bxh6+ Kxh6 22.Rxe4 Bxd5
23.Rxd5 Rxc2 24.Rb4 Rb8 25.Rb6 Rc6 26.Nd2 Rxb6 27.axb6 Rc8 28.b3 Rc1+ 29.Kh2 Rd1
30.h4 f5 31.g3 Kg7  0-1

[Event "Pula op 13th"]
[Site "Pula"]
[Date "1999.05.31"]
[Round "3"]
[White "Kristovic, Marijan"]
[Black "Kinez, Ivo"]
[Result "1-0"]
[WhiteElo "2315"]
[BlackElo "2080"]

1.e4 c5 2.Nf3 d6 3.Bb5+ Bd7 4.a4 Nc6 5.O-O Nf6 6.Re1 e6 7.c3 a6 8.Bf1 Be7
9.d4 cxd4 10.cxd4 O-O 11.Nc3 Rc8 12.Bg5 h6 13.Bh4 Qa5 14.d5 Ne5 15.Nxe5 dxe5
16.Bg3 Qc7 17.Qb3 Nh5 18.Rac1 Nxg3 19.hxg3 Bg5 20.Rcd1 Rfd8 21.Rd3 b6 22.Red1 a5
23.Be2 Kh7 24.Bg4 f5 25.dxe6 Bxa4 26.Bxf5+ Kh8 27.Qxa4 Rxd3 28.Rxd3 Rf8  1-0

[Event "Prague Sachinfo playoff 6'-5'"]
[Site "Prague"]
[Date "1999.06.01"]
[Round "2"]
[White "Movsesian, Sergei"]
[Black "Ftacnik, Lubomir"]
[Result "0-1"]
[WhiteElo "2650"]
[BlackElo "2585"]

1.e4 c5 2.Nf3 d6 3.Bb5+ Bd7 4.Bxd7+ Nxd7 5.O-O Ngf6 6.Qe2 e6 7.b3 Be7 8.Bb2 O-O
9.c4 a6 10.d4 cxd4 11.Nxd4 Qb6 12.Rd1 Rfe8 13.Nc3 Rad8 14.Kh1 Ne5 15.f4 Ng6
16.f5 exf5 17.exf5 Bf8 18.Qf1 Ne5 19.h3 d5 20.cxd5 Nxd5 21.Nxd5 Rxd5 22.Nf3 Rxd1
23.Rxd1 Nxf3 24.Qxf3 Qc6 25.Qf2 Qe4 26.Rc1 Qe2 27.Qd4 Re4 28.Qc3 Re3 29.Qd4 Rd3
30.Qe5 Rd1+ 31.Kh2 Qxe5+  0-1

[Event "Pula op 13th"]
[Site "Pula"]
[Date "1999.06.01"]
[Round "4"]
[White "Kristovic, Marijan"]
[Black "Sax, Gyula"]
[Result "0-1"]
[WhiteElo "2315"]
[BlackElo "2524"]

1.e4 c5 2.Nf3 d6 3.Bb5+ Bd7 4.Bxd7+ Qxd7 5.O-O Nc6 6.b3 Nf6 7.Re1 g6 8.Bb2 Bg7
9.c4 e5 10.Nc3 O-O 11.Nd5 Nxd5 12.cxd5 Nb4 13.Qb1 f5 14.d3 Qb5 15.Rd1 Nxd3
16.a4 Qa6 17.Ng5 Bh6 18.Rxd3 Bxg5 19.Rg3 Bf4 20.Rf3 Qe2 21.exf5 Rxf5 22.Ra2 Bxh2+
23.Kxh2 Rxf3 24.gxf3 Qxf2+ 25.Kh1 Qxf3+ 26.Kh2 Rf8 27.Bc1 Qh5+ 28.Kg2 Qg4+
29.Kh2 Rf1  0-1

[Event "NLD-ch"]
[Site "Rotterdam "]
[Date "1999.06.01"]
[Round "4"]
[White "Van den Doel, Erik"]
[Black "Janssen, Ruud"]
[Result "1-0"]
[WhiteElo "2535"]
[BlackElo "2445"]

1.e4 c5 2.Nf3 d6 3.Bb5+ Bd7 4.Bxd7+ Qxd7 5.O-O e6 6.c4 Nf6 7.Nc3 Nc6 8.d4 cxd4
9.Nxd4 Be7 10.Be3 O-O 11.f3 Rfd8 12.Rc1 b6 13.Qd2 Qb7 14.b3 a6 15.Nxc6 Qxc6
16.Kh1 Qb7 17.a4 Rab8 18.Bd4 Nd7 19.Rcd1 Nf6 20.Qe2 Nd7 21.f4 Bf8 22.Rd3 Nc5
23.Rg3 Nxb3 24.Bf6 g6 25.f5 Re8 26.Qh5 Bg7 27.Bxg7 gxh5 28.Be5+ Kf8 29.Bxd6+ Re7
30.fxe6  1-0

[Event "Pula op 13th"]
[Site "Pula"]
[Date "1999.06.03"]
[Round "5"]
[White "Titova Boric, Elena"]
[Black "Radocaj, Denis"]
[Result "1/2-1/2"]
[WhiteElo "2201"]
[BlackElo "2375"]

1.e4 c5 2.Nf3 d6 3.Bb5+ Bd7 4.Bxd7+ Nxd7 5.O-O Ngf6 6.Re1 e6 7.d4 cxd4 8.Qxd4 Be7
9.c4 O-O 10.Nc3 a6 11.b3 Qa5 12.Bb2 Rfd8 13.h3 Ne5 14.Qe3 Nxf3+  1/2-1/2

[Event "CZE-ch"]
[Site "Lazne Bohdanec"]
[Date "1999.06.04"]
[Round "2"]
[White "Vokac, Marek"]
[Black "Stocek, Jiri"]
[Result "1-0"]
[WhiteElo "2495"]
[BlackElo "2537"]

1.e4 c5 2.Nf3 d6 3.Bb5+ Nd7 4.d4 cxd4 5.Qxd4 a6 6.Bxd7+ Bxd7 7.Nc3 e5 8.Qd3 h6
9.O-O Nf6 10.a4 Be7 11.Be3 Qc7 12.a5 Rc8 13.Nd2 Be6 14.Rfc1 Qc6 15.f3 O-O
16.Nf1 d5 17.exd5 Nxd5 18.Nxd5 Bxd5 19.Qf5 Be6 20.Qe4 Qb5 21.c3 f5 22.Qc2 f4
23.Bb6 Bf5 24.Qf2 Rc6 25.b4 Rfc8 26.Qe1 Bd3 27.Nd2 Rxc3 28.Rxc3 Rxc3 29.Ne4 Rc2
30.Nc5 Be2 31.Rc1 Rxc1 32.Qxc1 Qxb4 33.Nxb7 Bc4 34.h3 Bh4 35.Nd6 Bd3 36.Ne4 Bxe4
37.fxe4 Kh7 38.Qf1 Qxe4 39.Qxa6 Qa4  1-0

[Event "Pula op 13th"]
[Site "Pula"]
[Date "1999.06.06"]
[Round "8"]
[White "Golubovic, Boris"]
[Black "Jakovljevic, Vlado"]
[Result "1-0"]
[WhiteElo "2450"]
[BlackElo "2296"]

1.e4 c5 2.Nf3 d6 3.Bb5+ Bd7 4.Bxd7+ Qxd7 5.O-O Nc6 6.b3 Nf6 7.Re1 g6 8.c3 Bg7
9.d4 cxd4 10.cxd4 d5 11.e5 Ne4 12.Nbd2 Nxd2 13.Bxd2 O-O 14.Rc1 Rfc8 15.b4 Nd8
16.Qb3 Ne6 17.b5 a6 18.b6 Nd8 19.g3 Rc6 20.Rxc6 Nxc6 21.h4 Rc8 22.h5 Nd8
23.hxg6 fxg6 24.a4 Ne6 25.Rc1 Rxc1+ 26.Bxc1 Qc6 27.Be3 Nf8 28.Qb4 Kf7 29.Kg2 h6
30.Kh2 Nd7 31.a5 Qc2 32.Ne1 Qc6 33.Qd2 h5 34.Nd3 Nf8 35.Qd1 Kg8 36.Qf3 e6
37.Qd1 Nd7 38.Qb1 Nf8 39.Qb4 Kf7 40.Qa3 Nd7 41.Qb4 Bf8 42.Qb1 Qb5 43.Qc2 Qc4
44.Qd1 Be7 45.Nf4 Nf8 46.Nh3 Qc3 47.Qa4 Qc8 48.Bg5 Qc4 49.Qd1 Qc3 50.Bxe7 Kxe7
51.Qa4 Qd2 52.Qa3+ Ke8 53.Qd6 Qxa5 54.Qb8+ Ke7 55.Qd6+ Ke8 56.Nf4 Qb5 57.Nxe6 Nxe6
58.Qxe6+ Kd8 59.Qf6+ Kc8 60.Qf8+ Kd7  1-0

[Event "CZE-ch"]
[Site "Lazne Bohdanec"]
[Date "1999.06.10"]
[Round "8"]
[White "Velicka, Petr"]
[Black "Stocek, Jiri"]
[Result "1/2-1/2"]
[WhiteElo "2449"]
[BlackElo "2537"]

1.e4 c5 2.Nf3 d6 3.Bb5+ Nd7 4.d4 cxd4 5.Qxd4 a6 6.Bxd7+ Bxd7 7.O-O Bg4 8.Nc3 Bxf3
9.gxf3 e6 10.Rd1 Ne7 11.Qb4 b5 12.Bg5 f6 13.Bf4 Nc6 14.Qb3 Kf7 15.Ne2 Be7
16.Nd4 Qd7 17.Nxc6 Qxc6 18.Rd3 Rac8 19.c3 Rhd8 20.Rad1 Rd7 21.R1d2 Rcd8 22.h3 d5
23.exd5 Rxd5 24.Rxd5 Rxd5 25.Rxd5 exd5 26.Be3 Bd6 27.Kg2 g6 28.Qd1 Be5 29.Bd4 Bc7
30.Qd2 Kg7 31.Qg5 h5 32.Qe3 Qd6 33.Kf1 Qd7 34.Kg2 Qd6 35.Kf1 Qd7 36.Kg2 Bd6
37.Bc5 Be5 38.Bd4 Bd6 39.Bc5 Be5 40.Bd4 Bc7 41.Bc5 g5 42.Bd4 Kg6 43.Qe2 Bd6
44.a4 bxa4 45.Qxa6 g4 46.hxg4 hxg4 47.Qa8 gxf3+ 48.Kxf3 Qf5+ 49.Kg2 Qg4+
50.Kf1 Qd1+ 51.Kg2 Qg4+  1/2-1/2

[Event "Salongernas Elo"]
[Site "Stockholm"]
[Date "1999.06.12"]
[Round "8"]
[White "Hjelm, Niclas"]
[Black "Livner, Anders"]
[Result "1-0"]
[WhiteElo "2306"]
[BlackElo "2169"]

1.e4 c5 2.Nf3 d6 3.Bb5+ Nd7 4.d4 Nf6 5.Nc3 a6 6.Bxd7+ Nxd7 7.O-O e6 8.Bg5 Qc7
9.d5 e5 10.a4 b6 11.Nd2 g6 12.Nc4 Bg7 13.f4 h6 14.fxe5 Nxe5 15.Nxe5 Bxe5
16.Bf4 Qe7 17.Qd2 Ra7 18.h3 Bg7 19.Rae1 g5 20.Bg3 O-O 21.Qd3 Be5 22.Kh1 Kg7
23.b3 Bd7 24.Ne2 f6 25.Bxe5 Qxe5 26.Ng3 Be8 27.Rf5 Qe7 28.Qc3 Qd8 29.Rff1 Bg6
30.Nf5+ Kh7 31.Qg3 Rd7 32.h4 Re8 33.Qh3 h5 34.Qd3 a5 35.Qg3 Re5 36.hxg5 fxg5
37.Nxd6 Rde7 38.Nf7 Bxf7 39.Rxf7+ Kg8 40.Rxe7 Qxe7 41.Qd3 g4 42.Kg1 Qd6 43.Qe3 Kg7
44.c4 Qe7 45.Qf4 Kh7 46.g3 Kg7 47.Kg2 Kh7 48.Re2 Kg7 49.Kf2 Kh7 50.Ke3 Kg7
51.Kd3 Qe8 52.Kc2 Qe7 53.Kb1 Kg6 54.Ka2 Kg7 55.Qd2 Qd6 56.Ka3 Kg8 57.Qf4 Kg7
58.Rf2 Qe7 59.d6 Qxd6 60.Qf7+ Kh8 61.Rf6  1-0

[Event "CCA ChessWise op"]
[Site "Stratton Mountain"]
[Date "1999.06.13"]
[Round "5"]
[White "Hoekstra, Matthew"]
[Black "Rajlich, Vasik G"]
[Result "1-0"]
[WhiteElo "2171"]
[BlackElo "2270"]

1.e4 c5 2.Nf3 d6 3.Bb5+ Nd7 4.d4 Nf6 5.Nc3 a6 6.Bxd7+ Nxd7 7.O-O e6 8.dxc5 Nxc5
9.Bg5 f6 10.Bf4 b5 11.b4 Nb7 12.a4 Qc7 13.Qd3 bxa4 14.Rxa4 Kf7 15.Rfa1 a5
16.Nb5 Qd7 17.Be3 Rb8 18.bxa5 Nc5 19.Bxc5 dxc5 20.Qxd7+ Bxd7 21.c4 Bxb5 22.cxb5 Rxb5
23.a6 Bd6 24.Kf1 Ra8 25.a7 Rb2 26.Rd1 Ke7 27.Nd2 Bc7 28.Nc4 Rb7 29.Rda1 Kd7
30.Ke2 Rb3 31.Ra6 f5 32.exf5 exf5 33.Rd1+ Kc8 34.Rd5 Kb7 35.Ra2 Re8+ 36.Kd2 Bf4+
37.Kc2 Rb4 38.Kc3 g6 39.g3 Kc6 40.Rd1 Bh6  1-0

[Event "Voronezh op 3rd"]
[Site "Voronezh"]
[Date "1999.06.15"]
[Round "4"]
[White "Koba, Igor"]
[Black "Losev, Dmitry"]
[Result "0-1"]
[WhiteElo "2250"]
[BlackElo "2345"]

1.e4 c5 2.Nf3 d6 3.Bb5+ Nd7 4.c3 Nf6 5.Qe2 a6 6.Ba4 e5 7.d4 b5 8.Bc2 Be7
9.O-O O-O 10.a4 Rb8 11.axb5 axb5 12.Rd1 Qb6 13.Nbd2 Bb7 14.b4 c4 15.Nf1 Ra8
16.Bg5 h6 17.Bh4 Rxa1 18.Rxa1 Ra8 19.Rxa8+ Bxa8 20.Ne3 Bf8 21.d5 Qa7 22.Qe1 Bb7
23.g4 Bc8 24.Kg2 g6 25.Qc1 Bg7 26.h3 Nf8 27.Bg3 N8h7 28.Qb2 Bf8 29.Nf1 Be7
30.Qc1 Qa2 31.Qb1 Qa3 32.Qe1 Qb2 33.Bd1 Qc1 34.Qd2 Qa1 35.Bc2 h5 36.N3h2 hxg4
37.hxg4 Nxg4 38.Nxg4 Bxg4 39.Nh2 Bg5 40.f4 exf4 41.Bxf4 Bxf4 42.Qxf4 Qxc3
43.Nxg4 Qxc2+ 44.Nf2 c3 45.Qxd6 Qd2  0-1

[Event "CCA ChessWise op"]
[Site "Stratton Mountain"]
[Date "1999.06.16"]
[Round "8"]
[White "Friedman, Josef"]
[Black "Rajlich, Vasik G"]
[Result "0-1"]
[WhiteElo "2176"]
[BlackElo "2270"]

1.e4 c5 2.Nf3 d6 3.Bb5+ Nc6 4.O-O Bd7 5.Re1 Nf6 6.c3 a6 7.Bxc6 Bxc6 8.d4 Bxe4
9.Bg5 Bd5 10.Bxf6 gxf6 11.Nbd2 cxd4 12.Nxd4 Rg8 13.g3 Qd7 14.Qh5 Rg5 15.Qxh7 O-O-O
16.c4 Be6 17.Nxe6 fxe6 18.f4 Rg4 19.Qd3 Bh6 20.Kf1 e5 21.fxe5 Bxd2 22.Qxd2 fxe5
23.b3 Rd4 24.Qg2 Qg4 25.Rac1 Rd3 26.Kg1 Qd4+ 27.Qf2 Kd7 28.Qxd4 exd4 29.Rc2 e5
30.Rce2 Kc6 31.Kg2 Rg8 32.Rf1 Rc3 33.Rd1 Kc5 34.Kf1 Rg4 35.Red2 Rf3+ 36.Kg2 Re3
37.Kh3 Rge4 38.Kg2 Kb4 39.h3 Kc3 40.g4 Re2+ 41.Rxe2 Rxe2+ 42.Kf3 Re3+ 43.Kg2 Kc2
44.Rf1 d3 45.g5 Re2+ 46.Kf3 e4+ 47.Kg3 d2  0-1

[Event "Vidmar mem 13th"]
[Site "Portoroz"]
[Date "1999.06.21"]
[Round "8"]
[White "Pavasovic, Dusko"]
[Black "Stohl, Igor"]
[Result "0-1"]
[WhiteElo "2502"]
[BlackElo "2573"]

1.e4 c5 2.Nf3 d6 3.Bb5+ Bd7 4.Bxd7+ Qxd7 5.c4 Nc6 6.d4 cxd4 7.Nxd4 g6 8.Nc3 Bg7
9.Be3 Nf6 10.f3 O-O 11.O-O a6 12.Qd2 b5 13.Nxc6 Qxc6 14.cxb5 axb5 15.Rac1 Qb7
16.b3 Rfc8 17.Qd3 b4 18.Na4 d5 19.e5 Nd7 20.f4 e6 21.Bd4 Bf8 22.g4 Rxc1 23.Rxc1 Rc8
24.Qd2 Bg7 25.Kg2 Rxc1 26.Qxc1 f6 27.exf6 Bxf6 28.Qb2 Bxd4 29.Qxd4 g5 30.Nc5 Qb6
31.Qe3 Nxc5 32.f5 h6 33.fxe6 d4 34.Qxd4 Qb7+ 35.Kg3 Nxe6 36.Qf6 Nf4 37.Qd8+ Kf7
38.Qd2 Qd5  0-1

[Event "Swidnica op"]
[Site "Swidnica"]
[Date "1999.06.29"]
[Round "2"]
[White "Sulskis, Sarunas"]
[Black "Simantsev, Mikhail"]
[Result "0-1"]
[WhiteElo "2568"]
[BlackElo "2409"]

1.Nf3 c5 2.e4 d6 3.Bb5+ Nd7 4.Nc3 Nf6 5.d4 a6 6.Bxd7+ Nxd7 7.dxc5 Nxc5 8.Be3 e6
9.Bxc5 dxc5 10.Qxd8+ Kxd8 11.O-O-O+ Ke8 12.Na4 b5 13.Nb6 Rb8 14.Nxc8 Rxc8
15.c4 f6 16.Kc2 h5 17.e5 Rh6 18.Rhe1 Rc6 19.h3 Be7 20.g3 f5 21.Re3 h4 22.g4 fxg4
23.hxg4 bxc4 24.Rc3 Rh8 25.Nd2 Rc7 26.Nxc4 Rd7 27.Nd6+ Bxd6 28.exd6 Rf8 29.f3 Rf4
30.Rxc5 Rxf3 31.Rc8+ Kf7 32.Rc7 Ke8 33.Rc8+ Kf7 34.Rc7 Ke8 35.Rc6 Rg3 36.Re1 h3
37.Rxe6+ Kf7 38.Re1 Rxg4 39.Kb3 Rd4 40.Rxa6 R4xd6 41.Rf1+ Ke7 42.Re1+ Kf7
43.Rf1+ Kg6 44.Ra8 Rd8 45.Rg1+ Kf6 46.Rf1+ Ke5 47.Ra5+ Rd5 48.Ra7 Rd1 49.Rf2 Rh8
50.Re2+ Kf6 51.Rf2+ Kg6 52.Ra6+ Kh5 53.Rh2 Rd3+ 54.Kc4 Rf3 55.b4 g5 56.b5 Kh4
57.b6 Kg3 58.Rh1 Rf6 59.Rb1 h2 60.Rb3+ Kg4  0-1

[Event "Hotel Irottko GM"]
[Site "Koszeg"]
[Date "1999.07.02"]
[Round "10"]
[White "Llanos, Guillermo"]
[Black "Kustar, Sandor"]
[Result "1/2-1/2"]
[WhiteElo "2437"]
[BlackElo "2434"]

1.e4 c5 2.Nf3 d6 3.Bb5+ Bd7 4.Bxd7+ Qxd7 5.O-O Nc6 6.c4 g6 7.d4 cxd4 8.Nxd4 Nf6
9.Nc3 Bg7 10.Nc2 Rc8 11.b3 O-O 12.Bg5 Qg4 13.Bxf6 Qxd1 14.Raxd1 Bxf6 15.Nd5 Bg7
16.Rfe1 Rfd8  1/2-1/2

[Event "Ljubljana op 10th"]
[Site "Ljubljana"]
[Date "1999.07.02"]
[Round "8"]
[White "Nevednichy, Vladislav"]
[Black "Sax, Gyula"]
[Result "0-1"]
[WhiteElo "2505"]
[BlackElo "2524"]

1.e4 c5 2.Nf3 d6 3.Bb5+ Bd7 4.Bxd7+ Qxd7 5.c4 Nc6 6.Nc3 Nf6 7.O-O g6 8.d4 cxd4
9.Nxd4 Bg7 10.Nde2 O-O 11.f3 a6 12.a4 Qd8 13.Be3 Nd7 14.Rb1 Qa5 15.Qd2 Rfd8
16.Rfd1 e6 17.b3 Nc5 18.Bg5 Rdc8 19.Bh6 Bh8  0-1

[Event "Frankfurt Ordix op"]
[Site "Frankfurt"]
[Date "1999.07.04"]
[Round "11"]
[White "Ulibin, Mikhail"]
[Black "Svidler, Peter"]
[Result "1-0"]
[WhiteElo "2552"]
[BlackElo "2713"]

1.e4 c5 2.Nf3 d6 3.Bb5+ Nd7 4.d4 cxd4 5.Qxd4 Nf6 6.Bg5 a6 7.Bxd7+ Nxd7 8.c4 Qb6
9.Qxb6 Nxb6 10.b3 f5 11.Be3 fxe4 12.Ng5 Nd7 13.Ne6 Kf7 14.Nc7 Rb8 15.Ba7 e6
16.Nd2 Be7 17.Nxe4 b6 18.Bxb8 Nxb8 19.O-O-O Rd8 20.Rd3 Rd7 21.Rf3+ Bf6 22.Ng5+ Kg6
23.Ngxe6  1-0

[Event "SVK-ch"]
[Site "Nove Zamky"]
[Date "1999.07.09"]
[Round "7"]
[White "Torotto, Anton"]
[Black "Gazik, Igor"]
[Result "1/2-1/2"]
[WhiteElo "2155"]
[BlackElo "2345"]

1.e4 c5 2.Nf3 d6 3.Bb5+ Nd7 4.c3 Nf6 5.Qe2 a6 6.Ba4 e5 7.O-O Be7 8.d4 b5
9.Bc2 Bb7 10.h3 O-O 11.Re1 Re8 12.dxe5 dxe5 13.a4 c4 14.b4 cxb3 15.Bxb3 Nxe4
16.axb5 Nec5 17.Bc4 e4 18.Nd4 Ne5 19.Nc6 Nxc6 20.bxc6 Bxc6 21.Rd1 Qc7 22.Be3 Qe5
23.Ra5 Red8 24.Bd4 Qg5 25.h4 Qf5 26.Nd2 e3 27.fxe3 Bb5 28.Bxb5 axb5 29.Rxb5 Qc8
30.Nf3 Ne4 31.Re5 Ng3 32.Qf2 Nf5 33.Ng5 Bxg5 34.hxg5 Nd6 35.Rf1 Qc4 36.Rc5 Qe6
37.Re5 Qc4 38.Rc5 Qe6 39.Re5 Qc4 40.Rc5 Qe6  1/2-1/2

[Event "Tan Chin Nam Cup 5th"]
[Site "Shenyang"]
[Date "1999.07.10"]
[Round "3"]
[White "Peng Xiaomin"]
[Black "Wu Shaobin"]
[Result "1-0"]
[WhiteElo "2574"]
[BlackElo "2496"]

1.e4 c5 2.Nf3 d6 3.Bb5+ Bd7 4.Bxd7+ Qxd7 5.c4 Nc6 6.Nc3 Nf6 7.d4 cxd4 8.Nxd4 e6
9.O-O Be7 10.Be3 O-O 11.Qe2 a6 12.Rfd1 Rfd8 13.f3 Rab8 14.Rac1 b6 15.b3 Nxd4
16.Bxd4 Qb7 17.a4 Nd7 18.Kh1 Ne5 19.Bf2 Bf6 20.f4 Nc6 21.Rd3 g6 22.Qd2 Na5
23.Qc2 Rbc8 24.Bd4 Be7 25.Rh3 Nc6 26.Bf2 d5 27.exd5 Nb4 28.Qd2 exd5 29.f5 g5
30.Qe2 Bf8 31.Bd4 dxc4 32.Qh5 h6 33.Qxg5+ Kh7 34.Be3 Rd6 35.f6  1-0

[Event "Politiken Cup"]
[Site "Copenhagen"]
[Date "1999.07.11"]
[Round "8"]
[White "Dongart, Dennis"]
[Black "Hartvig, Ove Weiss"]
[Result "1-0"]
[WhiteElo "2095"]
[BlackElo "2289"]

1.e4 c5 2.Nf3 d6 3.Bb5+ Nd7 4.d4 Nf6 5.Nc3 cxd4 6.Qxd4 a6 7.Bxd7+ Bxd7 8.Bg5 e6
9.e5 dxe5 10.Nxe5 Be7 11.O-O-O Bc6 12.Qxd8+ Rxd8 13.Rxd8+ Bxd8 14.Nxc6 bxc6
15.Rd1 Be7 16.Bxf6 gxf6 17.Ne4 f5 18.Nd6+ Kf8 19.c3 Bg5+ 20.Kc2 Ke7 21.Nb7 Bf4
22.g3 Bc7 23.Nc5 Bd6 24.Nb7 Bc7 25.Nc5 Bd6 26.Nxa6 Ra8 27.Nb4 Bxb4 28.cxb4 Rxa2
29.Kb3 Ra7 30.Kc4 e5 31.Kc5 Rb7 32.b3 Rb5+ 33.Kxc6 Rxb4 34.Rb1 Ke6 35.Kc5 Rb8
36.Rb2 Rc8+ 37.Kb6 e4 38.b4 f4 39.gxf4 Kf5 40.Kb7 Rc3 41.b5 Kxf4 42.b6 Kf3
43.Ka7 Ra3+ 44.Kb8 Rc3 45.b7 f5 46.Ka7 Rc7 47.Ka6 Rxb7 48.Kxb7 f4 49.Kc6 e3
50.fxe3 fxe3 51.Kd5 e2 52.Rb1 h5 53.Ke5 h4 54.Kf5 h3 55.Kg5 Kg2 56.Kg4 Kxh2
57.Re1 Kg2 58.Rxe2+ Kg1 59.Kg3 h2 60.Rxh2  1-0